[Event "London Weekend op 12"]
[Site "London"]
[Date "2016.12.11"]
[Round "4"]
[White "Tissot, Alice"]
[Black "Voiculescu Holvad, Stephane"]
[Result "1/2-1/2"]
[WhiteElo "1935"]
[BlackElo "1653"]
[PlyCount "110"]
[EventDate "2016.12.09"]
[EventType "swiss"]
[EventRounds "5"]
[EventCountry "ENG"]
[SourceTitle "CBM 176 Extra"]
[Source "ChessBase"]
[SourceDate "2017.03.02"]
[SourceVersion "1"]
[SourceVersionDate "2017.03.02"]
[SourceQuality "1"]

1. e4 c5 2. Nf3 e6 3. c3 d5 4. exd5 exd5 5. d4 Nc6 6. Be2 Bd6 7. 0-0 Nge7 8. Re1 0-0 9. Nbd2 cxd4 10. Nxd4 Nxd4 11. cxd4 Bf5 12. Nf1 Qb6 13. Ne3 Rfe8 14. a3 Bg6 15. Bf3 Be4 16. Bxe4 dxe4 17. Nc4 Qc7 18. Nxd6 Qxd6 19. Rxe4 Nc6 20. Rg4 Nxd4 21. Be3 Nf5 22. Qxd6 Nxd6 23. Bd4 g6 24. Bc3 f5 25. Rb4 b6 26. f3 Kf7 27. Kf2 Rad8 28. a4 Nb7 29. Rc4 Rc8 30. Rd4 Rcd8 31. Rad1 Rxd4 32. Rxd4 Rd8 33. Ke3 Rxd4 34. Bxd4 Ke6 35. Kf4 Nd6 36. b3 Kd5 37. Bg7 Nf7 38. h4 Kc5 39. Bf8+ Kd4 40. b4 a5 41. g4 fxg4 42. Kxg4 axb4 43. Bxb4 Ne5+ 44. Kg3 Kc4 45. Bd6 Nf7 46. Bc7 Kb4 47. Bxb6 Kxa4 48. Kf4 Kb5 49. Ba7 Kc6 50. h5 Kd6 51. hxg6 hxg6 52. Kg3 Ke6 53. f4 Kf5 54. Kf3 g5 55. fxg5 Nxg5+ 1/2-1/2

[Event "London Weekend op 12"]
[Site "London"]
[Date "2016.12.10"]
[Round "2"]
[White "Tissot, Alice"]
[Black "Akeya Price, Robert A"]
[Result "1-0"]
[WhiteElo "1935"]
[BlackElo "1727"]
[PlyCount "35"]
[EventDate "2016.12.09"]
[EventType "swiss"]
[EventRounds "5"]
[EventCountry "ENG"]
[SourceTitle "CBM 176 Extra"]
[Source "ChessBase"]
[SourceDate "2017.03.02"]
[SourceVersion "1"]
[SourceVersionDate "2017.03.02"]
[SourceQuality "1"]

1. e4 c6 2. d4 d5 3. e5 Bf5 4. Nf3 e6 5. Be2 Ne7 6. 0-0 Nd7 7. Nbd2 c5 8. c4 cxd4 9. cxd5 Nxd5 10. Nxd4 Bg6 11. N2f3 Be7 12. Bc4 N5b6 13. Bxe6 fxe6 14. Nxe6 Qc8 15. Nxg7+ Kf7 16. Bh6 Nf8 17. Rc1 Qd7 18. e6+ 1-0

[Event "London Classic rapid op 7th"]
[Site "London"]
[Date "2015.12.12"]
[Round "1"]
[White "Speelman, Jonathan S"]
[Black "Tissot, Alice"]
[Result "1-0"]
[WhiteElo "2517"]
[BlackElo "1923"]
[PlyCount "41"]
[EventDate "2015.12.12"]
[EventType "swiss (rapid)"]
[EventRounds "10"]
[EventCountry "ENG"]
[SourceTitle "CBM 169 Extra"]
[Source "ChessBase"]
[SourceDate "2015.12.18"]
[SourceVersion "1"]
[SourceVersionDate "2015.12.18"]
[SourceQuality "1"]

1. d4 Nf6 2. Nf3 g6 3. c4 d6 4. Nc3 Bg7 5. e4 0-0 6. h3 Nbd7 7. Be3 e5 8. d5 a6 9. Nd2 h6 10. g4 Nh7 11. h4 f5 12. gxf5 gxf5 13. exf5 Ndf6 14. Bd3 e4 15. Ndxe4 Nxe4 16. Nxe4 Bxb2 17. Rg1+ Kh8 18. Rb1 Bg7 19. Rxg7 Kxg7 20. Bd4+ Nf6 21. Qg4+ 1-0

[Event "FRA-chT Top 12"]
[Site "Mulhouse"]
[Date "2011.05.29"]
[Round "4.8"]
[White "Tissot, Alice"]
[Black "Richard, Emma"]
[Result "1-0"]
[WhiteElo "1948"]
[BlackElo "2073"]
[PlyCount "97"]
[EventDate "2011.05.26"]
[EventType "team-tourn"]
[EventRounds "11"]
[EventCountry "FRA"]
[SourceTitle "CBM 142 Extra"]
[Source "ChessBase"]
[SourceDate "2011.06.27"]
[SourceVersion "1"]
[SourceVersionDate "2011.06.27"]
[SourceQuality "1"]
[WhiteTeam "Noyon"]
[BlackTeam "Mulhouse Philidor"]
[WhiteTeamCountry "FRA"]
[BlackTeamCountry "FRA"]

1. e4 c5 2. Nf3 Nc6 3. d4 cxd4 4. Nxd4 e5 5. Nb5 d6 6. N1c3 a6 7. Na3 b5 8. Nd5 Nge7 9. c4 Nd4 10. cxb5 Nxd5 11. exd5 Be7 12. Bd3 Bd7 13. 0-0 Nxb5 14. Nxb5 axb5 15. Bd2 0-0 16. Qb3 Rb8 17. Bb4 f5 18. Rfc1 Rf6 19. Rc2 Rg6 20. Rac1 Bg5 21. Re1 Bf4 22. g3 Bg5 23. Kh1 Rh6 24. f3 Qe8 25. f4 Bd8 26. fxe5 dxe5 27. Bd2 Rg6 28. Bf4 Bf6 29. Rce2 Qc8 30. Bxe5 Bxe5 31. Rxe5 Rf6 32. Qc2 Qb7 33. Bf1 Rc8 34. Qb3 Qb6 35. Re7 Qd6 36. Bg2 Rcf8 37. Qc3 Bc8 38. Qc7 Qxc7 39. Rxc7 R6f7 40. d6 Rxc7 41. dxc7 Kf7 42. Re5 Bd7 43. Bb7 b4 44. Rc5 Bc8 45. Bxc8 Rxc8 46. Rxf5+ Ke6 47. Rb5 Rxc7 48. Rxb4 Rc2 49. a4 1-0

[Event "FRA-chT1 1011"]
[Site "France"]
[Date "2010.10.17"]
[Round "1.8"]
[White "Tissot, Alice"]
[Black "Barakoff, Catherine"]
[Result "1-0"]
[WhiteElo "1960"]
[BlackElo "1771"]
[PlyCount "99"]
[EventDate "2010.10.17"]
[EventType "team-tourn"]
[EventRounds "11"]
[EventCountry "FRA"]
[SourceTitle "EXT 2012"]
[Source "ChessBase"]
[SourceDate "2011.11.24"]
[SourceVersion "1"]
[SourceVersionDate "2011.11.24"]
[SourceQuality "1"]

1. e4 e5 2. Nf3 Nc6 3. Bb5 a6 4. Bxc6 bxc6 5. 0-0 d6 6. d4 exd4 7. Qxd4 c5 8. Qc3 h6 9. e5 Ne7 10. Re1 Be6 11. Bf4 Nd5 12. Qd2 Be7 13. Bg3 0-0 14. c4 Nb6 15. b3 d5 16. cxd5 Nxd5 17. Nc3 c6 18. Ne4 Ra7 19. Rac1 Qb6 20. Bh4 Rd7 21. Bxe7 Nxe7 22. Qe3 Rfd8 23. Qxc5 Qc7 24. Qc2 Bf5 25. Qe2 Ng6 26. Nc5 Nf4 27. Qc4 Nd3 28. Nxd3 Bxd3 29. Qxc6 Qa5 30. e6 Bb5 31. Qc5 Rd5 32. exf7+ Kxf7 33. Qe7+ Kg8 34. Qe6+ Kh8 35. Ne5 Be8 36. Nc4 Qb5 37. h3 Bh5 38. Re5 Rd1+ 39. Rxd1 Rxd1+ 40. Re1 Rxe1+ 41. Qxe1 Qg5 42. Qe5 Qg6 43. Kh2 Bd1 44. Qd6 Qc2 45. Ne3 Qxf2 46. Nxd1 Qxa2 47. b4 Qa4 48. Nc3 Qa3 49. Nd5 a5 50. Qd8+ 1-0

[Event "Paris-ch op-A"]
[Site "Paris"]
[Date "2010.07.06"]
[Round "4"]
[White "Tissot, Alice"]
[Black "Joret, Philippe"]
[Result "1-0"]
[WhiteElo "1928"]
[BlackElo "1845"]
[PlyCount "61"]
[EventDate "2010.07.03"]
[EventType "swiss"]
[EventRounds "9"]
[EventCountry "FRA"]
[SourceTitle "CBM 137 Extra"]
[Source "ChessBase"]
[SourceDate "2010.09.01"]
[SourceVersion "1"]
[SourceVersionDate "2010.09.01"]
[SourceQuality "1"]

1. e4 e5 2. Nf3 Nc6 3. Bb5 Nge7 4. c3 g6 5. d4 exd4 6. cxd4 d5 7. e5 Bg7 8. h3 0-0 9. 0-0 f6 10. Re1 fxe5 11. dxe5 Bf5 12. Bg5 h6 13. Bh4 g5 14. Bg3 g4 15. hxg4 Bxg4 16. Nbd2 Nd4 17. Be2 Nxe2+ 18. Qxe2 Nf5 19. Bh2 Qe7 20. Qd3 Rad8 21. Nd4 a6 22. f3 Nxd4 23. Qxd4 Bc8 24. Rac1 b6 25. b4 Qe6 26. Rxc7 Rd7 27. Rec1 Rxc7 28. Rxc7 h5 29. f4 Rf7 30. Rxf7 Kxf7 31. Nf3 1-0

[Event "Paris-ch op-A"]
[Site "Paris"]
[Date "2010.07.04"]
[Round "2"]
[White "Tissot, Alice"]
[Black "Marin, Emmanuel"]
[Result "1/2-1/2"]
[WhiteElo "1928"]
[BlackElo "1830"]
[PlyCount "26"]
[EventDate "2010.07.03"]
[EventType "swiss"]
[EventRounds "9"]
[EventCountry "FRA"]
[SourceTitle "CBM 137 Extra"]
[Source "ChessBase"]
[SourceDate "2010.09.01"]
[SourceVersion "1"]
[SourceVersionDate "2010.09.01"]
[SourceQuality "1"]

1. e4 e5 2. Nf3 Nc6 3. Bb5 f5 4. d4 fxe4 5. Bxc6 dxc6 6. Nxe5 Qh4 7. Nc3 Nf6 8. Qe2 Bd6 9. g3 Qh3 10. Be3 0-0 11. 0-0-0 Be6 12. f3 exf3 13. Nxf3 Bg4 1/2-1/2

[Event "FRA-chT2 North 0809"]
[Site "France"]
[Date "2009.04.05"]
[Round "11.7"]
[White "Imbert, Etienne"]
[Black "Tissot, Alice"]
[Result "1-0"]
[WhiteElo "2007"]
[BlackElo "1854"]
[PlyCount "139"]
[EventDate "2008.10.19"]
[EventType "team-tourn"]
[EventRounds "11"]
[EventCountry "FRA"]
[SourceTitle "EXT 2010"]
[Source "ChessBase"]
[SourceDate "2010.11.25"]
[SourceVersion "1"]
[SourceVersionDate "2010.11.25"]
[SourceQuality "1"]
[WhiteTeam "Le Vesinet"]
[BlackTeam "Noyon II"]
[WhiteTeamCountry "FRA"]
[BlackTeamCountry "FRA"]

1. d4 Nf6 2. Nf3 g6 3. c4 d6 4. Nc3 Bg7 5. e4 0-0 6. Be2 e5 7. 0-0 Nc6 8. d5 Ne7 9. h3 Ne8 10. g4 f5 11. exf5 gxf5 12. Nh2 Ng6 13. f3 Qh4 14. Kg2 Bh6 15. Qe1 Bxc1 16. Rxc1 Nf4+ 17. Kh1 Qxh3 18. Rg1 Ng7 19. Rg3 Qh6 20. Qd2 Bd7 21. Rcg1 Rf7 22. Bd1 Qh4 23. gxf5 Bxf5 24. Bc2 Bg6 25. Bxg6 Nxg6 26. Rg4 Qe7 27. Ne4 Rf4 28. Qg2 Rxg4 29. Nxg4 Qh4+ 30. Qh2 Qxh2+ 31. Kxh2 Nh5 32. Ngf6+ Nxf6 33. Nxf6+ Kg7 34. Ne4 Rf8 35. Rg3 h5 36. Ng5 Kh6 37. Ne6 Rf7 38. Nd8 Rf4 39. b3 b6 40. Ne6 Rh4+ 41. Kg1 Nf4 42. Rg8 c5 43. Rd8 e4 44. Rxd6 Nxe6 45. Rxe6+ Kg7 46. fxe4 Kf7 47. Kg2 Rf4 48. Kg3 Rf1 49. Rh6 Rg1+ 50. Kf4 Rg4+ 51. Kf3 Rg5 52. Rh7+ Kf6 53. d6 Ke6 54. Rh6+ Ke5 55. d7 Rg8 56. Rxh5+ Ke6 57. Kf4 Rf8+ 58. Rf5 Rd8 59. Re5+ Kd6 60. Rd5+ Ke6 61. e5 Rf8+ 62. Ke4 Rd8 63. Rd6+ Ke7 64. Kd5 Rxd7 65. Rxd7+ Kxd7 66. e6+ Ke7 67. Ke5 Ke8 68. Kd6 Kd8 69. a3 Ke8 70. e7 1-0

[Event "FRA-chT2 North 0809"]
[Site "France"]
[Date "2009.02.08"]
[Round "7.8"]
[White "Coudray, Carine"]
[Black "Tissot, Alice"]
[Result "1-0"]
[WhiteElo "1850"]
[BlackElo "1854"]
[PlyCount "49"]
[EventDate "2008.10.19"]
[EventType "team-tourn"]
[EventRounds "11"]
[EventCountry "FRA"]
[SourceTitle "EXT 2010"]
[Source "ChessBase"]
[SourceDate "2010.11.25"]
[SourceVersion "1"]
[SourceVersionDate "2010.11.25"]
[SourceQuality "1"]
[WhiteTeam "Livry Gargan"]
[BlackTeam "Noyon II"]
[WhiteTeamCountry "FRA"]
[BlackTeamCountry "FRA"]

1. e4 c5 2. Nf3 Nc6 3. Bb5 g6 4. 0-0 Bg7 5. c3 Nf6 6. Re1 0-0 7. h3 a6 8. Bf1 d6 9. d3 Nd7 10. Bg5 f5 11. exf5 Rxf5 12. Nbd2 Nce5 13. Bh4 Nxf3+ 14. Nxf3 Ne5 15. Nxe5 Bxe5 16. d4 cxd4 17. cxd4 Bf6 18. Bxf6 Rxf6 19. Qb3+ Kh8 20. Rac1 b5 21. Qc3 d5 22. Re5 Qf8 23. Qe3 e6 24. Rc7 Qd6 25. Qc3 1-0

[Event "FRA-ch U18 Girls"]
[Site "Calvi"]
[Date "2005.04.23"]
[Round "8"]
[White "Tissot, Alice"]
[Black "Choisy, Mathilde"]
[Result "1/2-1/2"]
[WhiteElo "1859"]
[BlackElo "2079"]
[PlyCount "82"]
[EventDate "2005.04.??"]
[EventType "swiss"]
[EventRounds "9"]
[EventCountry "FRA"]
[SourceTitle "EXT 2006"]
[Source "ChessBase"]
[SourceDate "2005.11.24"]
[SourceVersion "1"]
[SourceVersionDate "2005.11.24"]
[SourceQuality "1"]

1. e4 c5 2. Nf3 d6 3. c3 Nf6 4. Be2 Bg4 5. 0-0 Nc6 6. d4 Bxf3 7. Bxf3 cxd4 8. cxd4 Qb6 9. e5 dxe5 10. Bxc6+ Qxc6 11. dxe5 Nd5 12. Nd2 g6 13. Nf3 Bg7 14. Bg5 0-0 15. Rc1 Qe6 16. Re1 Rfd8 17. Qb3 h6 18. Bh4 Rd7 19. h3 Nf4 20. Qxe6 Nxe6 21. Red1 Rad8 22. Rxd7 Rxd7 23. Rc8+ Kh7 24. Kf1 g5 25. Bg3 Kg6 26. Bh2 Kf5 27. Rc4 Rd5 28. g4+ Kg6 29. Rb4 b5 30. a4 a6 31. axb5 axb5 32. Ke2 Nc7 33. Ke3 e6 34. Rb3 Bf8 35. Ke4 Na6 36. Ke3 b4 37. Ke2 Bc5 38. Bg3 Nb8 39. Rd3 Rxd3 40. Kxd3 Nc6 41. Kc4 Bf8 1/2-1/2

[Event "FRA-ch U18 Girls"]
[Site "Calvi"]
[Date "2005.04.21"]
[Round "6"]
[White "Marchadour, Emilie"]
[Black "Tissot, Alice"]
[Result "1-0"]
[WhiteElo "2018"]
[BlackElo "1859"]
[PlyCount "89"]
[EventDate "2005.04.??"]
[EventType "swiss"]
[EventRounds "9"]
[EventCountry "FRA"]
[SourceTitle "EXT 2006"]
[Source "ChessBase"]
[SourceDate "2005.11.24"]
[SourceVersion "1"]
[SourceVersionDate "2005.11.24"]
[SourceQuality "1"]

1. e4 c5 2. Nf3 Nc6 3. d4 cxd4 4. Nxd4 Nf6 5. Nc3 e5 6. Ndb5 d6 7. Bg5 a6 8. Na3 b5 9. Nd5 Be7 10. Bxf6 Bxf6 11. c3 Ne7 12. Nxf6+ gxf6 13. c4 b4 14. Nc2 a5 15. Qd3 Bb7 16. Rd1 Qb6 17. Ne3 Rd8 18. Ng4 f5 19. Nf6+ Kf8 20. exf5 d5 21. Nh5 e4 22. Qg3 Qh6 23. Qe5 Rg8 24. Nf6 Nc6 25. Nxg8 Nxe5 26. Nxh6 Rd6 27. cxd5 Kg7 28. Nxf7 Kxf7 29. b3 Kf6 30. Bc4 Kxf5 31. Ke2 Nxc4 32. bxc4 Ba6 33. Rd4 Kf4 34. Kd2 Ke5 35. Ke3 Rg6 36. Rxe4+ Kd6 37. Kd4 Bc8 38. c5+ Kc7 39. g3 a4 40. Rb1 Bf5 41. Re7+ Kd8 42. Rbe1 Rg8 43. c6 b3 44. axb3 axb3 45. Rb7 1-0

[Event "FRA-ch U18 Girls"]
[Site "Calvi"]
[Date "2005.04.18"]
[Round "2"]
[White "Magnin, Segolene"]
[Black "Tissot, Alice"]
[Result "0-1"]
[WhiteElo "1900"]
[BlackElo "1859"]
[PlyCount "90"]
[EventDate "2005.04.??"]
[EventType "swiss"]
[EventRounds "9"]
[EventCountry "FRA"]
[SourceTitle "EXT 2006"]
[Source "ChessBase"]
[SourceDate "2005.11.24"]
[SourceVersion "1"]
[SourceVersionDate "2005.11.24"]
[SourceQuality "1"]

1. b4 Nf6 2. Bb2 e6 3. b5 d5 4. e3 Bd6 5. f4 Nbd7 6. Nf3 c6 7. c4 0-0 8. Be2 Re8 9. Ne5 Ne4 10. 0-0 Bxe5 11. Bxe5 Nxe5 12. fxe5 Qg5 13. bxc6 bxc6 14. Qa4 Bb7 15. Qb3 Rab8 16. d4 dxc4 17. Qa3 c5 18. Bf3 c3 19. Re1 c2 20. Nc3 Nxc3 21. Bxb7 Nb5 22. Qa6 Qe7 23. Qxb5 Rxb7 24. Qa4 cxd4 25. Qxc2 dxe3 26. Rxe3 Rc7 27. Qf2 Rec8 28. h3 Qc5 29. Rf1 Qd4 30. Kh2 h6 31. Qf4 Qxf4+ 32. Rxf4 Rc2 33. Ra4 Rd2 34. Rxa7 Rcc2 35. Rg3 Rxa2 36. Rxa2 Rxa2 37. Re3 Ra4 38. g4 Rf4 39. Kg3 g5 40. h4 h5 41. hxg5 Rxg4+ 42. Kh3 Rxg5 43. Kh4 Rf5 44. Rg3+ Kh7 45. Rg5 Kh6 0-1

[Event "FRA-chT2 0405"]
[Site "France"]
[Date "2004.10.10"]
[Round "1.6"]
[White "Lamoureux, Izabelle"]
[Black "Tissot, Alice"]
[Result "1-0"]
[WhiteElo "2073"]
[BlackElo "2000"]
[PlyCount "63"]
[EventDate "2004.10.10"]
[EventType "team"]
[EventRounds "11"]
[EventCountry "FRA"]
[SourceTitle "EXT 2006"]
[Source "ChessBase"]
[SourceDate "2005.11.24"]
[SourceVersion "1"]
[SourceVersionDate "2005.11.24"]
[SourceQuality "1"]

1. e4 c5 2. Nf3 Nc6 3. d4 cxd4 4. Nxd4 Nf6 5. Nc3 e5 6. Ndb5 d6 7. Bg5 a6 8. Na3 b5 9. Bxf6 gxf6 10. Nd5 f5 11. exf5 Bxf5 12. c3 Be6 13. Nc2 Bg7 14. Nce3 0-0 15. Bd3 f5 16. Bc2 Ra7 17. Qh5 Raf7 18. g4 e4 19. Nf4 Bc8 20. Bb3 fxg4 21. Nxg4 Ne7 22. Rg1 Bxg4 23. Qxg4 d5 24. Ne6 Qb6 25. 0-0-0 Kh8 26. Nxf8 Bxf8 27. Bxd5 Bh6+ 28. Kb1 Rg7 29. Qxe4 Ng8 30. Rxg7 Nf6 31. Qxh7+ Nxh7 32. Rg8# 1-0

[Event "France-ch U16 Girls"]
[Site "Reims"]
[Date "2004.04.19"]
[Round "3"]
[White "Martin, Carole"]
[Black "Tissot, Alice"]
[Result "0-1"]
[WhiteElo "1700"]
[BlackElo "1930"]
[PlyCount "42"]
[EventDate "2004.04.??"]
[EventType "swiss"]
[EventRounds "9"]
[EventCountry "FRA"]
[SourceTitle "EXT 2005"]
[Source "ChessBase"]
[SourceDate "2004.11.15"]
[SourceVersion "1"]
[SourceVersionDate "2004.11.15"]
[SourceQuality "1"]

1. e4 c5 2. Nf3 Nc6 3. d4 cxd4 4. Nxd4 Nf6 5. Nc3 e5 6. Nf3 Bb4 7. Bd3 h6 8. Bd2 0-0 9. 0-0 d6 10. a3 Ba5 11. b4 Bb6 12. h3 Be6 13. Na4 d5 14. Nxb6 Qxb6 15. exd5 Bxd5 16. c4 Be6 17. Re1 Rad8 18. Qe2 Nd4 19. Qe3 Nxf3+ 20. Qxf3 e4 21. Qg3 Rxd3 0-1